| 000 | 00382nam a2200121 4500 | ||
|---|---|---|---|
| 999 |
_c13506 _d13506 |
||
| 008 | 190327b ||||| |||| 00| 0 eng d | ||
| 100 |
_937755 _aCabreza, Vincent |
||
| 245 |
_aCordillera leaders buck commercial farming of weed/ _cVincent Cabreza |
||
| 260 |
_aPhilippines _bPhilippine Daily Inquirer _cc2018 |
||
| 300 | _apage A6. | ||
| 650 | 0 |
_937756 _aAgriculture. |
|
| 942 |
_2ddc _cPER |
||